Countries Kaytranada has Visited - Statistics

General Stats
  • This quiz has been taken 17 times
    5 since last reset
  • The average score is 24 of 32
Answer Stats
Continent Country % Correct
South America Argentina
100%
Oceania Australia
100%
South America Brazil
100%
North America Canada
100%
South America Chile
100%
Europe Germany
100%
Europe Portugal
100%
Europe Spain
100%
North America United States of America
100%
Europe Austria
80%
Europe Finland
80%
Europe France
80%
Europe Italy
80%
Asia Japan
80%
North America Mexico
80%
Oceania New Zealand
80%
Europe Poland
80%
Europe Sweden
80%
Europe United Kingdom
80%
Europe Belgium
60%
South America Colombia
60%
Europe Croatia
60%
Europe Czech Republic
60%
Europe Denmark
60%
Europe Estonia
60%
Europe Norway
60%
South America Peru
60%
Europe Switzerland
60%
Europe Ireland
40%
Europe Netherlands
40%
Africa South Africa
40%
Europe Slovakia
20%
No matching quizzes found
Score Distribution
Percent of People with Each Score
Percentile by Number Answered
Your Score History
You have not taken this quiz since the last reset